000 00528nam a2200181Ia 4500
003 GCL
008 140319s9999 xx 000 0 ara d
040 _aGCL /
_cGCL
082 0 4 _a709
_bح ت
100 1 _aحسن الباشا
245 1 0 _aتاريخ الفن فى عصر الانسان الاول /
_cحسن الباشا
260 _a[S.N] :
_bمكتبة النهضة المصرية ،
_c1954
490 _a
650 0 4 _aالفن
650 0 4 _aالفن القديم
650 0 4 _aتاريخ ونقد
942 _2ddc
_cBK
999 _c36380
_d36380